000 00635nam a2200229 a 4500
001 1008716
005 20180306033614.0
008 870130s1986 nyua j 000 0 eng
010 _a 87108135
020 _a0528177826 (pbk.)
040 _aDLC
_cDLC
_dDLC
041 _aeng
042 _alcac
080 _a912.076 jam
082 0 0 _a912.076 jam
_219
100 1 _a42
101 _ageo
245 1 0 _aExploring geography :
_cJames Fletcher ; Barbara Radner Reque, editor.
906 _a7
_bcbc
_corignew
_d2
_encip
_f19
_gy-gencatlg
942 _2ddc
_cBK
999 _c44127
_d44127